De cuerpo entero (Record no. 9048)

MARC details
000 -CABECERA
campo de control de longitud fija 00865nam a2200253 a 4500
001 - NÚMERO DE CONTROL
campo de control BRL_235
005 - FECHA Y HORA DE LA ÚLTIMA TRANSACCIÓN
campo de control 20190320210639.0
008 - DATOS DE LONGITUD FIJA--INFORMACIÓN GENERAL
campo de control de longitud fija 160713s1992----mx-o######---#000-0#spa-#
020 ## - NÚMERO INTERNACIONAL ESTÁNDAR DEL LIBRO
Número Internacional Estándar del Libro 9686044086 (De la colección)
020 ## - NÚMERO INTERNACIONAL ESTÁNDAR DEL LIBRO
Número Internacional Estándar del Libro 9686044647 (Alberto Ruy)
041 ## - CÓDIGO DE LENGUA
Código de lengua del texto/banda sonora o título independiente spa
044 ## - CÓDIGO DEL PAÍS DE LA ENTIDAD EDITORA/PRODUCTORA
Código MARC del país mx
050 #4 - SIGNATURA TOPOGRÁFICA DE LA BIBLIOTECA DEL CONGRESO
Número de clasificación PQ7298
Número de documento/Ítem .R89 1992
100 1# - ENTRADA PRINCIPAL--NOMBRE DE PERSONA
Nombre de persona Ruy Sánchez, Alberto
Fechas asociadas al nombre 1951-
9 (RLIN) 1401
245 10 - MENCIÓN DE TÍTULO
Título De cuerpo entero
Mención de responsabilidad, etc. Alberto Ruy Sánchez.
260 ## - PUBLICACIÓN, DISTRIBUCIÓN, ETC.
Lugar de publicación, distribución, etc. México
Nombre del editor, distribuidor, etc. UNAM, Coordinación de Difusión Cultural, Direccción de Literatura : Ediciones CORUNDA
Fecha de publicación, distribución, etc. 1992
300 ## - DESCRIPCIÓN FÍSICA
Extensión 64 p.
Otras características físicas il.
Dimensiones 21 cm.
500 ## - NOTA GENERAL
Nota general La biblioteca cuenta con 2 ejemplares
500 ## - NOTA GENERAL
Nota general El ejemplar 2 incluye dedicatoria para Ruth Lechuga, 21 octubre de 1992
500 ## - NOTA GENERAL
Nota general Ej.1 Au294. Ej.2 Au563
650 14 - PUNTO DE ACCESO ADICIONAL DE MATERIA--TÉRMINO DE MATERIA
Término de materia o nombre geográfico como elemento de entrada Autores mexicanos
Subdivisión de forma Biografías
Subdivisión cronológica Siglo XX
9 (RLIN) 23314
902 ## - CATALOGADOR
Iniciales GRL
942 ## - ELEMENTOS DE PUNTO DE ACCESO ADICIONAL (KOHA)
Fuente del sistema de clasificación o colocación Library of Congress Classification
Tipo de ítem Koha Libros
Holdings
Estado de retiro Estado de pérdida Estado dañado No para préstamo Localización permanente Ubicación/localización actual Fecha de adquisición Total de préstamos Signatura topográfica completa Código de barras Fecha visto por última vez Precio válido a partir de Tipo de ítem Koha
El ejemplar forma parte de la colección y puede ser consultado según las políticas vigentes.       Biblioteca Centro de Estudios Ruth D. Lechuga Biblioteca Centro de Estudios Ruth D. Lechuga 28/06/2013   PQ7298 .R89 1992 GRL00248 22/03/2019 22/03/2019 Libros
El ejemplar forma parte de la colección y puede ser consultado según las políticas vigentes.       Biblioteca Centro de Estudios Ruth D. Lechuga Biblioteca Centro de Estudios Ruth D. Lechuga 24/08/2015   PQ7298 .R89 1992 GRL00249 22/03/2019 22/03/2019 Libros